[Event "Master 2015 Rochefort"]
[Site "Palais des Congrès Rochefort"]
[Date "2015.02.21"]
[Round "1.1"]
[White "Iturrizaga Bonelli, Eduardo"]
[Black "Quillien, Emmanuel"]
[Result "1-0"]
[WhiteElo "2640"]
[BlackElo "2202"]
[PlyCount "67"]
[EventDate "2015.??.??"]

1. Nf3 Nf6 2. c4 g6 3. Nc3 Bg7 4. e4 d6 5. d4 O-O 6. Be2 e5 7. O-O Nc6 8. d5
Ne7 9. b4 a5 10. bxa5 c5 11. Nd2 Rxa5 12. Nb3 Ra6 13. f4 exf4 14. Bxf4 Nd7 15.
Qd2 Ne5 16. Rf2 Bd7 17. Raf1 Nc8 18. Bh6 Nb6 19. Bxg7 Kxg7 20. Rf6 Nbxc4 21.
Qf4 Be8 22. Qg5 Ra8 23. Bxc4 Nxc4 24. e5 Nxe5 25. Nxc5 Qb6 26. N3e4 Nd7 27.
Rxd6 Qa7 28. Kh1 h6 29. Rxg6+ fxg6 30. Ne6+ Kg8 31. Rxf8+ Nxf8 32. Qe7 b5 33.
Qxf8+ Kh7 34. Nf6# 1-0

[Event "Master 2015 Rochefort"]
[Site "Palais des Congrès Rochefort"]
[Date "2015.02.21"]
[Round "1.2"]
[White "Daurelle, Herve"]
[Black "Mareco, Sandro"]
[Result "0-1"]
[WhiteElo "2195"]
[BlackElo "2598"]
[PlyCount "64"]
[EventDate "2015.??.??"]

1. e4 c5 2. Nf3 d6 3. d4 cxd4 4. Nxd4 Nf6 5. Nc3 a6 6. Bg5 Nbd7 7. f4 Qa5 8.
Nb3 Qc7 9. Be2 e6 10. Qd3 b5 11. a3 Bb7 12. O-O-O Be7 13. Kb1 Rc8 14. Rhe1 Nb6
15. e5 dxe5 16. fxe5 Nfd5 17. Nxd5 Nxd5 18. Bxe7 Qxe7 19. Qg3 O-O 20. Rd4 b4
21. Bd3 g6 22. Rh4 bxa3 23. Qh3 f5 24. exf6 Rxf6 25. Rc4 axb2 26. Kxb2 Qg7 27.
Rxc8+ Bxc8 28. c3 Nxc3 29. Kxc3 Rf3+ 30. Nd4 Rxh3 31. gxh3 Qc7+ 32. Bc4 Qa5+
0-1

[Event "Master 2015 Rochefort"]
[Site "Palais des Congrès Rochefort"]
[Date "2015.02.21"]
[Round "1.3"]
[White "Sumets, Andrey"]
[Black "Boulet, Philippe"]
[Result "1-0"]
[WhiteElo "2574"]
[BlackElo "2171"]
[PlyCount "87"]
[EventDate "2015.??.??"]

1. d4 d5 2. c4 e6 3. Nf3 Nf6 4. g3 Bb4+ 5. Bd2 Be7 6. Bg2 c6 7. O-O O-O 8. Bf4
Nbd7 9. Nc3 Nh5 10. Bc1 f5 11. Rb1 g5 12. e3 Qe8 13. b4 a6 14. Qb3 b5 15. cxd5
cxd5 16. Nxd5 exd5 17. Qxd5+ Rf7 18. Nxg5 Bxg5 19. Qxa8 Nb6 20. Qf3 Nf6 21. Re1
Qe6 22. Qe2 Ne4 23. Rb3 Bb7 24. f3 Nd6 25. e4 f4 26. d5 Qh6 27. h4 Bd8 28. e5
Nxd5 29. exd6 Qxd6 30. Qe6 Qb6+ 31. Kh1 Qf2 32. Qg4+ Kf8 33. Rf1 Qe2 34. Rb2
Qe5 35. Rd2 Bc7 36. Bb2 Qe7 37. Qh5 Ne3 38. Rc1 Nxg2 39. Kxg2 fxg3 40. Qh6+ Ke8
41. Rxc7 Bxf3+ 42. Kh3 Qxc7 43. Qe6+ Kf8 44. Be5 1-0

[Event "Master 2015 Rochefort"]
[Site "Palais des Congrès Rochefort"]
[Date "2015.02.21"]
[Round "1.4"]
[White "Peric, Slavisa"]
[Black "Perez Ponsa, Federico"]
[Result "0-1"]
[WhiteElo "2169"]
[BlackElo "2558"]
[PlyCount "112"]
[EventDate "2015.??.??"]

1. d4 Nf6 2. Nf3 g6 3. c4 Bg7 4. Nc3 O-O 5. e4 d6 6. Be2 e5 7. dxe5 dxe5 8.
Qxd8 Rxd8 9. Nd5 Nxd5 10. cxd5 c6 11. Bc4 cxd5 12. Bxd5 Nd7 13. Bg5 Re8 14. Nd2
Nc5 15. O-O-O Ne6 16. Be3 Nf4 17. Bxf4 exf4 18. Kb1 Be6 19. Bxe6 Rxe6 20. f3
Rb6 21. Nb3 a5 22. Rd2 a4 23. Nc1 g5 24. Rhd1 Bf6 25. b3 Be7 26. Rc2 Bf6 27.
Rd3 Ra5 28. Rd5 Rxd5 29. exd5 Rb5 30. Rd2 Kf8 31. d6 Ke8 32. d7+ Kd8 33. Rd3
Be7 34. Rd4 axb3 35. axb3 Rb6 36. Kc2 Bd6 37. Nd3 f6 38. b4 Kxd7 39. Kb3 Ke6
40. Re4+ Kd5 41. Rc4 Rc6 42. Nb2 Be5 43. Rxc6 bxc6 44. Nc4 Bd4 45. Nd2 f5 46.
h3 h5 47. Kc2 Be3 48. Nb3 Bf2 49. Kd3 Be1 50. Nd4 Bxb4 51. Nxf5 h4 52. Nd4 c5
53. Ne2 Be1 54. Nc1 c4+ 55. Kc2 Kd4 56. Kd1 Ba5 0-1

[Event "Master 2015 Rochefort"]
[Site "Palais des Congrès Rochefort"]
[Date "2015.02.21"]
[Round "1.5"]
[White "Gao, Rui"]
[Black "Haussernot, Cecile"]
[Result "1-0"]
[WhiteElo "2533"]
[BlackElo "2162"]
[PlyCount "63"]
[EventDate "2015.??.??"]

1. e4 c5 2. Nf3 d6 3. d4 cxd4 4. Nxd4 Nf6 5. Nc3 a6 6. Bg5 Nbd7 7. Bc4 e6 8. f4
Qc7 9. Qe2 Be7 10. Bxe6 fxe6 11. Nxe6 Qb6 12. O-O-O Nc5 13. Nxg7+ Kf7 14. Nf5
Bxf5 15. exf5 Rhe8 16. Qc4+ Kg7 17. Rhe1 Qc6 18. Rxe7+ Rxe7 19. Bxf6+ Kxf6 20.
Nd5+ Kf7 21. Nb4+ d5 22. Rxd5 Nd3+ 23. Qxd3 Qc7 24. Rd4 Rae8 25. b3 Qc5 26. Kb2
a5 27. Rc4 Qg1 28. Qd5+ Kf6 29. Nd3 Re3 30. Qd6+ Kf7 31. Rc7+ R8e7 32. Ne5+ 1-0

[Event "Master 2015 Rochefort"]
[Site "Palais des Congrès Rochefort"]
[Date "2015.02.21"]
[Round "1.9"]
[White "Dourerassou, Jonathan"]
[Black "Lutard, Theo"]
[Result "1/2-1/2"]
[WhiteElo "2463"]
[BlackElo "2137"]
[PlyCount "129"]
[EventDate "2015.??.??"]

1. e4 e5 2. Nf3 Nc6 3. Bb5 a6 4. Ba4 Nf6 5. Qe2 Be7 6. c3 b5 7. Bb3 d6 8. O-O
O-O 9. d4 Bg4 10. Rd1 Qc8 11. h3 Bh5 12. Bg5 Re8 13. Bxf6 Bxf6 14. Bd5 Bxf3 15.
Qxf3 Qb7 16. dxe5 dxe5 17. Qe3 Rad8 18. Nd2 Rd6 19. c4 Red8 20. Rac1 Qb8 21. c5
Rxd5 22. exd5 Rxd5 23. Nf3 Qd8 24. Qb3 Nd4 25. Nxd4 exd4 26. Qd3 g6 27. Re1 Re5
28. Rxe5 Bxe5 29. Qe4 Bf6 30. Kf1 Kg7 31. Ke2 Qd7 32. Kd3 a5 33. b3 b4 34. g4
a4 35. f4 h6 36. Kc4 axb3 37. axb3 c6 38. Kd3 Qb7 39. Qe1 Qb8 40. Qd2 Qb5+ 41.
Rc4 Qa6 42. g5 hxg5 43. fxg5 Be7 44. Qf4 Qa2 45. Qxd4+ Kg8 46. Rxb4 Qb1+ 47.
Ke2 Qc2+ 48. Qd2 Qxc5 49. Rg4 Qe5+ 50. Qe3 Qb5+ 51. Qd3 Qe5+ 52. Qe3 Qb5+ 53.
Kf3 Qf5+ 54. Kg2 Qd5+ 55. Kg3 Bd6+ 56. Kh4 Bc5 57. Qe8+ Kg7 58. Qe1 Qf5 59. Kg3
Bd6+ 60. Kg2 Qd5+ 61. Qe4 Qd2+ 62. Kf1 Qd1+ 63. Kg2 Qd2+ 64. Kf3 Qd1+ 65. Kg2
1/2-1/2

[Event "Master 2015 Rochefort"]
[Site "Palais des Congrès Rochefort"]
[Date "2015.02.21"]
[Round "1.23"]
[White "Stets, Dmitry"]
[Black "Roselle, Tristan"]
[Result "1/2-1/2"]
[WhiteElo "2385"]
[BlackElo "2012"]
[PlyCount "58"]
[EventDate "2015.??.??"]

1. e4 e5 2. Nf3 Nc6 3. Bc4 Bc5 4. d3 Nf6 5. Nc3 d6 6. Bg5 Na5 7. Bb3 c6 8. Ne2
h6 9. Be3 Nxb3 10. axb3 Qb6 11. Bxc5 Qxc5 12. c3 Bg4 13. Ng3 Nh5 14. Nxh5 Bxh5
15. Qd2 Bxf3 16. gxf3 Qb6 17. b4 O-O 18. Rg1 Kh7 19. f4 f5 20. fxe5 fxe4 21.
exd6 Rad8 22. Qe2 exd3 23. Qxd3+ Kh8 24. O-O-O Rd7 25. Rde1 Qd8 26. Qg6 Qf6 27.
Re8 Rxd6 28. Rxf8+ Qxf8 29. Qg3 Rf6 1/2-1/2

[Event "Master 2015 Rochefort"]
[Site "Palais des Congrès Rochefort"]
[Date "2015.02.21"]
[Round "2.1"]
[White "Loiseau, Quentin"]
[Black "Iturrizaga Bonelli, Eduardo"]
[Result "0-1"]
[WhiteElo "2401"]
[BlackElo "2640"]
[PlyCount "62"]
[EventDate "2015.??.??"]

1. d4 Nf6 2. Nf3 b6 3. c4 Bb7 4. g3 g6 5. Bg2 Bg7 6. O-O O-O 7. b3 e6 8. Bb2
Qe7 9. Nc3 d5 10. Ne5 Rd8 11. Qc2 Na6 12. Rad1 c5 13. dxc5 bxc5 14. cxd5 exd5
15. Nd3 Rac8 16. Nf4 Nb4 17. Qb1 d4 18. Bxb7 Qxb7 19. Na4 Ne4 20. Nd3 Nd5 21.
Qc2 Re8 22. Rc1 Bh6 23. Naxc5 Nxc5 24. Nxc5 Bxc1 25. Rxc1 Qb5 26. Bxd4 Qxe2 27.
Qc4 Qd2 28. Qxd5 Qxc1+ 29. Kg2 Red8 30. Nd7 Qc6 31. Nf6+ Qxf6 0-1

[Event "Master 2015 Rochefort"]
[Site "Palais des Congrès Rochefort"]
[Date "2015.02.21"]
[Round "2.2"]
[White "Mareco, Sandro"]
[Black "Sequera Paolini, Jose Rafael"]
[Result "0-1"]
[WhiteElo "2598"]
[BlackElo "2413"]
[PlyCount "74"]
[EventDate "2015.??.??"]

1. Nf3 e6 2. c4 f5 3. Nc3 Nf6 4. d4 d5 5. Bf4 c6 6. e3 Bd6 7. Ne5 O-O 8. Bd3
Ne4 9. f3 g5 10. fxe4 gxf4 11. exf4 dxe4 12. Be2 Nd7 13. Qb3 c5 14. Nb5 Qa5+
15. Kd1 Be7 16. d5 Nxe5 17. fxe5 Bg5 18. Nc3 Qc7 19. Kc2 Qxe5 20. Rad1 f4 21.
Rhe1 e3 22. Kb1 Bd7 23. Bg4 b6 24. Ka1 Rfe8 25. g3 fxg3 26. hxg3 Rad8 27. Bf3
exd5 28. Rxd5 Qg7 29. Ne4 Bh6 30. Qd3 Re7 31. Rd1 Rf8 32. Qe2 Bc6 33. g4 Bxd5
34. cxd5 Ref7 35. Bh1 Qe5 36. d6 Bg7 37. Qc2 Rf1 0-1

[Event "Master 2015 Rochefort"]
[Site "Palais des Congrès Rochefort"]
[Date "2015.02.21"]
[Round "2.3"]
[White "Mateo, Ramon"]
[Black "Sumets, Andrey"]
[Result "1/2-1/2"]
[WhiteElo "2392"]
[BlackElo "2574"]
[PlyCount "44"]
[EventDate "2015.??.??"]

1. d4 d5 2. c4 c6 3. cxd5 cxd5 4. Nc3 Nc6 5. Bf4 e5 6. dxe5 d4 7. Ne4 Bf5 8.
Nd6+ Bxd6 9. exd6 Nf6 10. Nf3 Ne4 11. d7+ Bxd7 12. g3 g5 13. Bc1 Qf6 14. h3
O-O-O 15. Bg2 Rhe8 16. O-O Kb8 17. Ne1 Bf5 18. Nd3 Qe7 19. a3 h6 20. Qa4 Bd7
21. Rd1 Ne5 22. Qxd4 Bc6 1/2-1/2

[Event "Master 2015 Rochefort"]
[Site "Palais des Congrès Rochefort"]
[Date "2015.02.21"]
[Round "2.4"]
[White "Perez Ponsa, Federico"]
[Black "Ider, Borya"]
[Result "0-1"]
[WhiteElo "2558"]
[BlackElo "2395"]
[PlyCount "88"]
[EventDate "2015.??.??"]

1. e4 e6 2. d4 d5 3. Nc3 h6 4. Nf3 Nf6 5. Bd3 Bb4 6. e5 Ne4 7. Bd2 Nxd2 8. Qxd2
c5 9. a3 Qa5 10. O-O Bxc3 11. bxc3 c4 12. Be2 Nc6 13. g3 Bd7 14. Nh4 O-O-O 15.
f4 g5 16. Ng2 Rdf8 17. Ne3 f5 18. exf6 Rxf6 19. Ng4 Rff8 20. fxg5 hxg5 21. Nf6
Nd8 22. Bg4 Bc6 23. Rf3 Qa4 24. Rf2 Qa5 25. Qe3 Kb8 26. Raf1 Qxa3 27. Qxg5 a5
28. Qe5+ Ka7 29. Rf3 Qb2 30. Qc7 Ka6 31. R1f2 a4 32. Nxd5 Bxd5 33. Rxf8 Qc1+
34. Rf1 Qxc2 35. R8f2 Qxc3 36. Qd6+ Ka7 37. Qe5 Rg8 38. Ra2 Qb3 39. Rfa1 Rxg4
40. Rxa4+ Kb6 41. Ra7 Nc6 42. R1a6+ Kb5 43. Qe1 b6 44. Ra8 Re4 0-1

[Event "Master 2015 Rochefort"]
[Site "Palais des Congrès Rochefort"]
[Date "2015.02.21"]
[Round "2.5"]
[White "Manea, Alexandru"]
[Black "Gao, Rui"]
[Result "1-0"]
[WhiteElo "2381"]
[BlackElo "2533"]
[PlyCount "89"]
[EventDate "2015.??.??"]

1. d4 Nf6 2. c4 g6 3. Nf3 Bg7 4. g3 d5 5. cxd5 Nxd5 6. Bg2 Nb6 7. O-O Nc6 8. e3
O-O 9. Nc3 Re8 10. Re1 a5 11. Ng5 e5 12. d5 Nb4 13. e4 h6 14. Nf3 c6 15. a3 Na6
16. Be3 Nc4 17. Qe2 Nxe3 18. Qxe3 Qe7 19. Rac1 Nc5 20. Nb5 Na6 21. dxc6 bxc6
22. Rxc6 Bb7 23. Rb6 Red8 24. Rc1 Rd7 25. Bh3 Rad8 26. Bxd7 Rxd7 27. Nc3 Qd8
28. Nd5 Kh7 29. Qb3 Bxd5 30. exd5 Nb4 31. Rb5 Nxd5 32. Rd1 a4 33. Qc4 Nf4 34.
Rxd7 Qxd7 35. gxf4 Qg4+ 36. Kf1 Qxf3 37. fxe5 h5 38. Ke1 Qf5 39. Qxa4 Bh6 40.
Qc4 Kg7 41. e6 Qb1+ 42. Ke2 fxe6 43. Rb7+ Kf6 44. Qc3+ e5 45. Rb6+ 1-0

[Event "Master 2015 Rochefort"]
[Site "Palais des Congrès Rochefort"]
[Date "2015.02.21"]
[Round "2.18"]
[White "Roselle, Tristan"]
[Black "Daurelle, Herve"]
[Result "1/2-1/2"]
[WhiteElo "2012"]
[BlackElo "2195"]
[PlyCount "42"]
[EventDate "2015.??.??"]

1. e4 c5 2. c3 Nf6 3. e5 Nd5 4. d4 cxd4 5. Nf3 Nc6 6. cxd4 d6 7. Bc4 Nb6 8. Bb5
dxe5 9. Nxe5 Bd7 10. Bxc6 Bxc6 11. Nxc6 bxc6 12. O-O g6 13. Re1 Bg7 14. Bg5 O-O
15. Bxe7 Qxd4 16. Nc3 Rfe8 17. Qf3 Nd5 18. Nxd5 cxd5 19. Rad1 Qxb2 20. Qxd5
Rac8 21. h3 h5 1/2-1/2

[Event "Master 2015 Rochefort"]
[Site "Palais des Congrès Rochefort"]
[Date "2015.02.21"]
[Round "2.22"]
[White "Fiori, Hector"]
[Black "Peric, Slavisa"]
[Result "1/2-1/2"]
[WhiteElo "2066"]
[BlackElo "2169"]
[PlyCount "106"]
[EventDate "2015.??.??"]

1. e4 e6 2. Nf3 d5 3. e5 c5 4. b4 b6 5. c3 Nh6 6. a3 Be7 7. Bd3 Qd7 8. Qe2 a5
9. Bb5 Nc6 10. bxc5 bxc5 11. d4 Ng8 12. O-O c4 13. Ba4 h6 14. Ne1 Qc7 15. f4
Bd7 16. Bc2 O-O-O 17. a4 f5 18. exf6 gxf6 19. Na3 Na7 20. Nf3 Bd6 21. Nb5 Nxb5
22. axb5 Re8 23. Ba4 Qb6 24. Ba3 Bxa3 25. Rxa3 Ne7 26. Rfa1 Kc7 27. Bc2 Ra8 28.
f5 e5 29. Nxe5 Bxf5 30. Nxc4 dxc4 31. Qxe7+ Bd7 32. Bf5 Rhd8 33. Bxd7 Rxd7 34.
Qe4 Rdd8 35. Qf4+ Qd6 36. Qxd6+ Kxd6 37. Rxa5 Rxa5 38. Rxa5 Kd5 39. Kf2 Ke4 40.
Ke2 Rg8 41. g3 Rg5 42. Kd2 Rf5 43. Kc2 Rf2+ 44. Kb1 Kd3 45. Ra2 Rf1+ 46. Kb2
Rf5 47. Ra5 Rf2+ 48. Ka3 Kxc3 49. b6 Rb2 50. Ra6 Rb1 51. Ka2 Rb2+ 52. Ka3 Rb1
53. Ka2 Rb2+ 1/2-1/2

[Event "Master 2015 Rochefort"]
[Site "Palais des Congrès Rochefort"]
[Date "2015.02.21"]
[Round "2.23"]
[White "Haussernot, Cecile"]
[Black "Thibault, Pierre-Olivier"]
[Result "1/2-1/2"]
[WhiteElo "2162"]
[BlackElo "2009"]
[PlyCount "80"]
[EventDate "2015.??.??"]

1. e4 c5 2. Nc3 Nc6 3. Nf3 g6 4. d4 cxd4 5. Nxd4 Bg7 6. Be3 Nf6 7. Bc4 Qa5 8.
O-O O-O 9. Bb3 Ng4 10. Qxg4 Nxd4 11. f4 d6 12. Qh4 Bf6 13. Qf2 Nc6 14. f5 gxf5
15. exf5 Kh8 16. Ne4 Qe5 17. Ng5 Qxe3 18. Qxe3 Bd4 19. Qxd4+ Nxd4 20. Nxf7+ Kg7
21. f6+ exf6 22. Nxd6 Rd8 23. Ne4 Bf5 24. Ng3 Bg6 25. Rf2 Rac8 26. h4 Rc5 27.
Re1 Rd7 28. h5 Bxc2 29. Bxc2 Rxc2 30. Rf4 Rd2 31. h6+ Kg6 32. Rg4+ Kxh6 33. Re3
Rd5 34. Kh2 Re5 35. Rc3 Rg5 36. Rf4 Kg6 37. Rxf6+ Kxf6 38. Ne4+ Kf5 39. Nxd2
Rh5+ 40. Rh3 Rxh3+ 1/2-1/2

[Event "Master 2015 Rochefort"]
[Site "Palais des Congrès Rochefort"]
[Date "2015.02.21"]
[Round "2.24"]
[White "Durand-Le Ludec, Brendan-Budok"]
[Black "Muratet, Lucas"]
[Result "1-0"]
[WhiteElo "2033"]
[BlackElo "2157"]
[PlyCount "95"]
[EventDate "2015.??.??"]

1. d4 Nf6 2. c4 c5 3. d5 e6 4. Nc3 exd5 5. cxd5 d6 6. Nf3 g6 7. Bf4 a6 8. a4
Bg7 9. h3 O-O 10. e3 Qe7 11. Nd2 Nbd7 12. Nc4 Ne8 13. a5 f5 14. Be2 g5 15. Bh2
f4 16. exf4 gxf4 17. O-O Ne5 18. Nxe5 Bxe5 19. Bg4 Kh8 20. Bxc8 Rxc8 21. Qf3
Ng7 22. Rfe1 Qf6 23. Ne4 Qg6 24. Qg4 Nf5 25. Bxf4 Bxf4 26. Qxf4 Rg8 27. g3 Rcf8
28. Qd2 Rg7 29. Qc3 h5 30. b4 Nd4 31. Re3 Rf3 32. Qd3 Rxe3 33. fxe3 Nf3+ 34.
Kg2 Ng5 35. Nf2 Qxd3 36. Nxd3 Ne4 37. Kf3 Nd2+ 38. Ke2 Ne4 39. bxc5 dxc5 40.
Rc1 Rxg3 41. Nxc5 Nd6 42. e4 Rg8 43. Kd3 Re8 44. Ne6 Nb5 45. e5 Kh7 46. Ke4 Re7
47. d6 Rd7 48. Nf8+ 1-0

[Event "Master 2015 Rochefort"]
[Site "Palais des Congrès Rochefort"]
[Date "2015.02.21"]
[Round "2.25"]
[White "Den Hartog, Marijn"]
[Black "Boursier, Xavier"]
[Result "0-1"]
[WhiteElo "2152"]
[BlackElo "1996"]
[PlyCount "116"]
[EventDate "2015.??.??"]

1. e4 e6 2. d4 d5 3. Nd2 Nf6 4. e5 Nfd7 5. f4 c5 6. c3 Nc6 7. Ndf3 cxd4 8. cxd4
Bb4+ 9. Bd2 Qa5 10. Bd3 Bxd2+ 11. Qxd2 Qxd2+ 12. Kxd2 O-O 13. Ne2 f6 14. Rac1
Nb6 15. b3 Bd7 16. Rc5 Be8 17. Bb5 Nb4 18. a4 a6 19. Bxe8 Raxe8 20. a5 Nc8 21.
Ra1 Na7 22. Ra4 Nbc6 23. Nc3 Rc8 24. b4 fxe5 25. fxe5 Rf4 26. Ke3 Rcf8 27. b5
axb5 28. Nxb5 Nxb5 29. Rxb5 Nd8 30. a6 bxa6 31. Rxa6 Re4+ 32. Kd3 Rg4 33. Rb2
h6 34. h3 Rgf4 35. Rb8 Kf7 36. Ra7+ Kg8 37. Ra6 Kf7 38. Raa8 Ke7 39. Ra7+ Ke8
40. Rxg7 R4f7 41. Rxf7 Rxf7 42. Ra8 Rb7 43. Ke3 Rb2 44. g3 Rb3+ 45. Kf4 Rd3 46.
g4 Ke7 47. Ra7+ Kf8 48. Rc7 Nf7 49. h4 Nh8 50. Rh7 Nf7 51. g5 hxg5+ 52. hxg5
Rxf3+ 53. Kg4 Rf5 54. Rh1 Rxg5+ 55. Kf4 Rf5+ 56. Ke3 Nxe5 57. dxe5 Rxe5+ 58.
Kd3 Ke7 0-1

[Event "Master 2015 Rochefort"]
[Site "Palais des Congrès Rochefort"]
[Date "2015.02.21"]
[Round "2.27"]
[White "Drogou, Gerard"]
[Black "Girard, Eric"]
[Result "1/2-1/2"]
[WhiteElo "1995"]
[BlackElo "2135"]
[PlyCount "57"]
[EventDate "2015.??.??"]

1. d4 e6 2. Nf3 f5 3. g3 Nf6 4. Bg2 d5 5. O-O Bd6 6. b3 Qe7 7. c4 c6 8. Bb2 O-O
9. Nbd2 b6 10. Ne5 Bb7 11. Qc2 a5 12. Rac1 Na6 13. Nd3 Nb4 14. Qb1 Ne4 15. Nf3
g5 16. Rfd1 f4 17. g4 h5 18. Nfe5 Qh7 19. c5 Nxd3 20. exd3 Bxe5 21. dxe4 Bc7
22. Bf3 h4 23. cxb6 Bxb6 24. Ba3 Rfe8 25. Bc5 Bc7 26. e5 Qxb1 27. Rxb1 Kf7 28.
Rdc1 Red8 29. Rc2 1/2-1/2

[Event "Master 2015 Rochefort"]
[Site "Palais des Congrès Rochefort"]
[Date "2015.02.21"]
[Round "2.29"]
[White "Sauvaget, Franck"]
[Black "Coimbra, Margarida"]
[Result "1/2-1/2"]
[WhiteElo "1941"]
[BlackElo "2125"]
[PlyCount "32"]
[EventDate "2015.??.??"]

1. c4 e6 2. Nf3 d5 3. g3 c6 4. Bg2 Nf6 5. O-O Be7 6. Qc2 Nbd7 7. b3 O-O 8. Bb2
b6 9. d3 Bb7 10. Nbd2 c5 11. e4 Qc7 12. Rfe1 d4 13. h3 e5 14. Rf1 Nh5 15. Rae1
Rae8 16. Qd1 g6 1/2-1/2

[Event "Master 2015 Rochefort"]
[Site "Palais des Congrès Rochefort"]
[Date "2015.02.21"]
[Round "2.32"]
[White "Gauthier, Cyrille"]
[Black "Roch, Florian"]
[Result "1/2-1/2"]
[WhiteElo "2077"]
[BlackElo "1904"]
[PlyCount "61"]
[EventDate "2015.??.??"]

1. e4 c5 2. Nf3 d6 3. d4 cxd4 4. Nxd4 Nf6 5. Nc3 a6 6. Be2 e5 7. Nb3 Be7 8. O-O
O-O 9. Be3 Be6 10. Bf3 Qc7 11. a4 Nbd7 12. a5 b5 13. axb6 Nxb6 14. Nd2 Rfd8 15.
Re1 d5 16. Bxb6 Qxb6 17. exd5 Nxd5 18. Nxd5 Bxd5 19. Rxe5 Bxf3 20. Qxf3 Qxb2
21. Rae1 Bf8 22. Qe4 Qd4 23. Nc4 Qxe4 24. R5xe4 Bb4 25. Rb1 Re8 26. Rd4 Rad8
27. Rxd8 Rxd8 28. Kf1 a5 29. Ra1 Rc8 30. Nxa5 Rxc2 31. Nb3 1/2-1/2

[Event "Masters 2015 Rochefort"]
[Site "Palais des Congrès Rochefort"]
[Date "2015.02.21"]
[Round "3.1"]
[White "Iturrizaga Bonelli, Eduardo"]
[Black "Sundararajan, Kidambi"]
[Result "1-0"]
[WhiteElo "2640"]
[BlackElo "2431"]
[PlyCount "39"]
[EventDate "2015.??.??"]

1. Nf3 Nf6 2. c4 e6 3. Nc3 d5 4. d4 c6 5. g3 Nbd7 6. Bg2 Be7 7. O-O O-O 8. Nd2
e5 9. dxe5 Nxe5 10. cxd5 cxd5 11. Nb3 Be6 12. Bf4 Nc4 13. Nd4 Rc8 14. b3 Na5
15. Ncb5 Bc5 16. Rc1 Qb6 17. e3 Ne4 18. Bc7 Qa6 19. Bxe4 Bxd4 20. Bd3 1-0

[Event "Masters 2015 Rochefort"]
[Site "Palais des Congrès Rochefort"]
[Date "2015.02.21"]
[Round "3.2"]
[White "Khusnutdinov, Rustam"]
[Black "Dumitrache, Dragos-Nicolae"]
[Result "1/2-1/2"]
[WhiteElo "2490"]
[BlackElo "2423"]
[PlyCount "54"]
[EventDate "2015.??.??"]

1. e4 e5 2. Nf3 Nc6 3. Bb5 Nf6 4. Nc3 Bb4 5. O-O O-O 6. d3 d6 7. Ne2 Bg4 8. c3
Bc5 9. Ng3 Nh5 10. d4 Nxg3 11. hxg3 Bb6 12. Bxc6 bxc6 13. dxe5 f5 14. exf5 Rxf5
15. Qd3 Qd7 16. exd6 Rd5 17. Nd4 cxd6 18. Be3 Re8 19. Qc4 Bxd4 20. cxd4 Be6 21.
Qc3 Rf5 22. Rfe1 Bd5 23. Qd2 Rf6 24. b3 Rfe6 25. Bf4 h6 26. Rad1 Qe7 27. Rxe6
Bxe6 1/2-1/2

[Event "Masters 2015 Rochefort"]
[Site "Palais des Congrès Rochefort"]
[Date "2015.02.21"]
[Round "3.3"]
[White "Pulvett Marin, Daniel"]
[Black "Pichot, Alan"]
[Result "1-0"]
[WhiteElo "2426"]
[BlackElo "2486"]
[PlyCount "75"]
[EventDate "2015.??.??"]

1. d4 Nf6 2. c4 g6 3. Nf3 Bg7 4. Nc3 O-O 5. e4 d6 6. Be2 Na6 7. O-O e5 8. Be3
Ng4 9. Bg5 Qe8 10. dxe5 dxe5 11. Qc1 c6 12. h3 Nf6 13. Qe3 Nc7 14. Rfd1 Ne6 15.
Bh6 Bxh6 16. Qxh6 Nd7 17. Rd6 Qe7 18. Rad1 Re8 19. c5 Ndxc5 20. b4 Nd7 21. Bc4
Qf8 22. Qh4 Nb6 23. Nxe5 Qg7 24. Qg3 Ng5 25. f4 Be6 26. Bb3 Bxb3 27. axb3 Ne6
28. Nd7 Rad8 29. Nxb6 Rxd6 30. Rxd6 axb6 31. e5 b5 32. Ne4 Nxf4 33. Kh1 Nd5 34.
Rxd5 cxd5 35. Nf6+ Kf8 36. Nxe8 Kxe8 37. Qc3 Kd8 38. Qd4 1-0

[Event "Masters 2015 Rochefort"]
[Site "Palais des Congrès Rochefort"]
[Date "2015.02.21"]
[Round "3.4"]
[White "Sequera Paolini, Jose Rafael"]
[Black "Venkatesh, M.r"]
[Result "1/2-1/2"]
[WhiteElo "2413"]
[BlackElo "2460"]
[PlyCount "64"]
[EventDate "2015.??.??"]

1. e4 c5 2. Nc3 Nc6 3. Bb5 g6 4. f4 Nd4 5. Nf3 Nxb5 6. Nxb5 Bg7 7. O-O d5 8. e5
d4 9. c3 a6 10. Na3 d3 11. b4 Nh6 12. bxc5 Qa5 13. Nc4 Qxc5+ 14. Ne3 Nf5 15.
Qb3 Nxe3 16. dxe3 Be6 17. Qxb7 O-O 18. Qb4 Rfc8 19. Qxc5 Rxc5 20. Bd2 Rb8 21.
Nd4 Bd5 22. Rfb1 Rcc8 23. a4 f6 24. exf6 Bxf6 25. a5 Rxb1+ 26. Rxb1 Rc5 27. Ra1
e5 28. fxe5 Bxe5 29. Ra4 Bc7 30. e4 Bc4 31. Kf2 Bxa5 32. g3 Kf7 1/2-1/2

[Event "Masters 2015 Rochefort"]
[Site "Palais des Congrès Rochefort"]
[Date "2015.02.21"]
[Round "3.5"]
[White "Ider, Borya"]
[Black "Ninov, Nikolai"]
[Result "1/2-1/2"]
[WhiteElo "2395"]
[BlackElo "2435"]
[PlyCount "41"]
[EventDate "2015.??.??"]

1. d4 Nf6 2. Nf3 e6 3. c4 d5 4. g3 dxc4 5. Bg2 a6 6. Ne5 c5 7. Na3 Qxd4 8. Qxd4
cxd4 9. Naxc4 Nbd7 10. O-O Nxe5 11. Nxe5 Bd6 12. Nc4 Bc7 13. Bf4 Bxf4 14. gxf4
Ke7 15. Rfd1 Rd8 16. Nb6 Rb8 17. Rac1 Nh5 18. e3 dxe3 19. fxe3 Rxd1+ 20. Rxd1
Nf6 21. Rc1 1/2-1/2

[Event "Masters 2015 Rochefort"]
[Site "Palais des Congrès Rochefort"]
[Date "2015.02.21"]
[Round "3.10"]
[White "Bedouin, Xavier"]
[Black "Mareco, Sandro"]
[Result "1/2-1/2"]
[WhiteElo "2323"]
[BlackElo "2598"]
[PlyCount "102"]
[EventDate "2015.??.??"]

1. e4 c5 2. c3 Nf6 3. e5 Nd5 4. d4 cxd4 5. cxd4 d6 6. Nf3 Nc6 7. Bc4 e6 8. O-O
Be7 9. Qe2 O-O 10. Nc3 dxe5 11. dxe5 Nxc3 12. bxc3 Qa5 13. Bd2 Rd8 14. Bb3 Bd7
15. Rfe1 Be8 16. Qe4 Rd7 17. Rac1 Qd8 18. Bc2 g6 19. Bh6 Rc8 20. Qf4 Na5 21.
Bg5 Rxc3 22. Bxe7 Qxe7 23. Bxg6 Rxc1 24. Bxh7+ Kxh7 25. Qxc1 Rc7 26. Qd2 Rc5
27. Re4 f5 28. exf6 Qxf6 29. h4 Bf7 30. Qe3 Rd5 31. Ng5+ Kg8 32. Rg4 Bg6 33.
Nxe6 Nc6 34. Nf4 Rd1+ 35. Kh2 Ne5 36. Qb3+ Kh7 37. Qxd1 Nxg4+ 38. Qxg4 Bf7 39.
a3 b5 40. Qg3 a5 41. Qd3+ Kg7 42. g3 b4 43. axb4 axb4 44. Qb5 b3 45. Nd3 Qc3
46. g4 Qd4 47. Kg3 Bc4 48. Qb7+ Kg8 49. Qb8+ Kg7 50. Qb7+ Kg8 51. Qb8+ Kg7
1/2-1/2

[Event "Masters 2015 Rochefort"]
[Site "Palais des Congrès Rochefort"]
[Date "2015.02.21"]
[Round "3.14"]
[White "Marzolf, Bruno"]
[Black "Santiago, Yago De Moura"]
[Result "1/2-1/2"]
[WhiteElo "2144"]
[BlackElo "2406"]
[PlyCount "102"]
[EventDate "2015.??.??"]

1. d4 Nf6 2. Nc3 e6 3. e4 d5 4. Bg5 Be7 5. Bxf6 Bxf6 6. Nf3 Nc6 7. Bb5 a6 8.
Bxc6+ bxc6 9. O-O O-O 10. Re1 a5 11. e5 Be7 12. Na4 f5 13. exf6 gxf6 14. Rc1
Kh8 15. c4 dxc4 16. Qc2 Rb8 17. Qxc4 Rg8 18. b3 Rb4 19. Qe2 Qd5 20. Nc3 Qh5 21.
Ne4 Qg4 22. g3 Bd7 23. Nc5 Bxc5 24. Rxc5 a4 25. bxa4 Rxa4 26. Rec1 Rga8 27.
R1c2 Be8 28. Kg2 Qg8 29. R5c4 R4a5 30. Nh4 Rd5 31. Qe3 Rad8 32. Qf4 Qg7 33. Qe3
Qf7 34. Nf3 Qg8 35. Rc5 R5d6 36. a4 Bg6 37. R2c4 Bf7 38. Rxc6 e5 39. dxe5 Rd3
40. Qf4 Bxc4 41. Qxf6+ Qg7 42. Qxg7+ Kxg7 43. Rxc7+ R8d7 44. Rxc4 R3d5 45. Re4
Re7 46. e6 Kf6 47. Nd4 Re8 48. Kf3 Ra5 49. Rf4+ Kg6 50. Rg4+ Kf6 51. Rf4+ Kg6
1/2-1/2

[Event "Masters 2015 Rochefort"]
[Site "Palais des Congrès Rochefort"]
[Date "2015.02.21"]
[Round "3.21"]
[White "Faure, Remi"]
[Black "Dijkhuis, Tycho"]
[Result "1-0"]
[WhiteElo "1893"]
[BlackElo "2278"]
[PlyCount "37"]
[EventDate "2015.??.??"]

1. e4 c5 2. Nf3 Nc6 3. Bb5 e6 4. O-O Nge7 5. c3 a6 6. Bxc6 Nxc6 7. d4 d5 8.
exd5 Qxd5 9. Be3 cxd4 10. cxd4 Be7 11. Nc3 Qd8 12. d5 Nb4 13. dxe6 Bxe6 14. Nd4
Bd7 15. Qf3 Nc6 16. Rad1 O-O 17. Nf5 Qc8 18. Rxd7 Qxd7 19. Qg4 1-0